000 00358nam a2200145Ia 4500
008 230917s9999||||xx |||||||||||||| ||und||
040 _e207766
_aMAIN
041 _aEnglish
082 _a181.4 T118A
100 _aTater, Sohan Raj
245 0 _aAdhunik Bharatiya chintak. 2V
260 _aJaipur
_bM K Publications
_c2012
300 _av. p.
942 _cBK
999 _c134690
_d134690